Himalayan blunder : (Record no. 185213)

000 -LEADER
fixed length control field 00764 a2200169 4500
003 - CONTROL NUMBER IDENTIFIER
control field Nust
005 - DATE AND TIME OF LATEST TRANSACTION
control field 20230307095225.0
040 ## - CATALOGING SOURCE
Transcribing agency Nust
082 ## - DEWEY DECIMAL CLASSIFICATION NUMBER
Classification number 355.02,DAL
100 ## - MAIN ENTRY--PERSONAL NAME
Personal name Dalvi, J. P
9 (RLIN) 49054
245 ## - TITLE STATEMENT
Title Himalayan blunder :
Remainder of title the curtain-raiser to the Sino-Indian War of 1962 /
Statement of responsibility, etc. Name: Dalvi, J. P
260 ## - PUBLICATION, DISTRIBUTION, ETC.
Place of publication, distribution, etc. Bombay,
Name of publisher, distributor, etc. Thacker,
Date of publication, distribution, etc. 1969.
300 ## - PHYSICAL DESCRIPTION
Extent xxi, 506 p. illus
Other physical details . col. maps (part fold.),
Dimensions ports. 23 cm.
505 ## - FORMATTED CONTENTS NOTE
Formatted contents note Part.1 The Year of Credulity and Negligence (Page-1), Part.2 The Fateful Year -1962 (Page-107), Part.3 On to the Namka CHU (Page-165), Part.4 The End of Make – Believe (Page-245), Part.5 The Battle at the Namka CHA River (Page-307), Part.6 The reason (Page-397).
650 ## - SUBJECT ADDED ENTRY--TOPICAL TERM
Topical term or geographic name entry element Himalayan blunder;
9 (RLIN) 109918
942 ## - ADDED ENTRY ELEMENTS (KOHA)
Source of classification or shelving scheme
Koha item type Book
Holdings
Withdrawn status Lost status Source of classification or shelving scheme Damaged status Not for loan Permanent Location Current Location Shelving location Date acquired Full call number Barcode Date last seen Price effective from Koha item type Public note Collection code Total Checkouts
          Military College of Signals (MCS) Military College of Signals (MCS) General Stacks 12/12/2016 355.02,DAL MCS21649 12/08/2016 12/12/2016 Book Almirah No.73, Shelf No.8    
          Military College of Signals (MCS) Military College of Signals (MCS)   12/12/2016 355.02 DAL MCS21720 12/08/2016 12/12/2016 Book      
© 2023 Central Library, National University of Sciences and Technology. All Rights Reserved.